|
|
|
|
| LEADER |
00000nab a2200000 a 4500 |
| 001 |
vtls009529920 |
| 003 |
SK-MaSNL |
| 005 |
20260303081635.0 |
| 008 |
150420c1965 xo |r|p|||||||000 b|slo |
| 015 |
|
|
|a SNBRA2009/06
|2 snkbucl
|
| 038 |
|
|
|a SNKBUCL
|
| 040 |
|
|
|a SNKBUCL
|b slo
|c SNKBUCL
|e AACR2
|
| 041 |
0 |
|
|a slo
|
| 044 |
|
|
|a xo
|c SK
|
| 080 |
|
|
|a 808.2:821.162.4
|2 2001
|
| 080 |
|
|
|a 655.4:82
|x (437.6)
|2 2001
|
| 080 |
|
|
|a 82:655.4
|x (437.6)
|2 2001
|
| 080 |
|
|
|a 821.162.4:808.2
|2 2001
|
| 100 |
1 |
|
|a Winkler, Tomáš,
|d 1940-2021
|4 aut
|9 12277
|
| 245 |
1 |
0 |
|a Niekoľko poznámok na okraj vydania Jégého spisov
|c Tomáš Winkler
|
| 504 |
|
|
|a Bibliogr. odkazy v poznámkach
|
| 600 |
1 |
7 |
|a Jégé,
|d 1866-1940
|t Spisy I.-IV.
|2 snkbucl
|9 1085143
|
| 648 |
|
7 |
|a 1956-1960
|2 snkbucl
|9 308023
|
| 655 |
|
7 |
|a štúdie
|2 snkbucl
|9 57033
|
| 773 |
0 |
|
|t Literárny archív 1965 : pramene a dokumenty
|d Martin : Matica slovenská, 1965
|g S. 212-217
|
| 852 |
|
|
|a SNK
|b KIS3GCP
|
| 999 |
|
|
|c 1785508
|d 1787438
|